Ociosos, vagabundos y malentretenidos en Chile colonial
Gespeichert in:
| 1. Verfasser: | |
|---|---|
| Format: | Buch |
| Sprache: | Spanisch |
| Veröffentlicht: |
Santiago
Dirección de Bibliotecas, Archivos y Museos
1999
|
| Schriftenreihe: | Sociedad y Cultura
|
| Schlagworte: | |
| Tags: |
Tag hinzufügen
Keine Tags, Fügen Sie den ersten Tag hinzu!
|
MARC
| LEADER | 00000nam a2200000 a 4500 | ||
|---|---|---|---|
| 001 | UCH2200 | ||
| 003 | CL-VaPUC | ||
| 008 | 090604e19990000CL |||||||||||||||||spa|d | ||
| 020 | |a 9562440818 | ||
| 082 | 0 | 4 | |a 983.03 |b ARA |2 21 |
| 100 | |a Araya Espinoza, Alejandra |e author |9 590380 | ||
| 245 | 1 | 0 | |a Ociosos, vagabundos y malentretenidos en Chile colonial |
| 300 | |a 173 p | ||
| 942 | |c BK | ||
| 945 | |d 20090604 00:00:00 |a rbrito | ||
| 260 | |a Santiago |b Dirección de Bibliotecas, Archivos y Museos |c 1999 | ||
| 650 | 0 | |a Historia de Chile Siglo 17 |9 317758 | |
| 651 | 7 | |a CHILE |2 CL-VaPUC |9 536864 | |
| 583 | |a last modification |c 20090604 00:00:00 |k Rodrigo Vera | ||
| 490 | 0 | |a Sociedad y Cultura | |
| 999 | |c 333987 |d 333985 | ||
| 952 | |0 0 |1 0 |4 0 |6 983_030000000000000_ARA_1999 |7 0 |8 X |9 422685 |a FDOBUD |b FDOBUD |d 2019-11-22 |i 4556518 |o 983.03 ARA 1999 |p 4556518 |r 2019-11-22 |w 2019-11-22 |y BK_X |k BUD | ||